00273nam a2200085Ia 4500008004100000100002300041245005000064260005600114300001700170180205s9999 xx 000 0 und d aBernas, Joaquin G. 2aA living constiutuion :bThe Ramos presidency aManila, PhilippinesbCapitol publishing housec2003 av, 931 pages